000 007030000a22001210004500
100 1 _aMelguizo Yepes, Guillermo
245 1 0 _aLa conversión pastoral en aparecida.
300 _aVol.36, no.131 (jul. - sep., 2008), p. 21-25
520 _aLa conversión pastoral despierta la capacidad de someterlo todo al servicio de la instauración del reino de vida. Obispos, presbíteros, diáconos permanentes, consagrados y consagradas, laicos y laicas, estamos llamados a asumir una actitud permanente de conversión pastoral que implica escuchar con atención y discernir "lo que el Espíritu está diciendo a las iglesias".
650 1 4 _aCONVERSION - PASTORAL
773 0 _tRevista Vida Pastoral
942 _cANA
999 _c63454
_d63454